000 00553nam a2200253Ia 4500
003 OSt
005 20220912153015.0
006 a|||||r|||| 00| 0
007 ta
008 220909b |||||||| |||| 00| 0 eng d
024 _a26200
037 _cTextual
040 _aCSL
_beng
_cCSL
041 _aeng
082 _aB9, H7;J0
100 _aBaker R H
245 0 _aAstronomy
250 _a1
260 _c1950
300 _ap.
_ccm.
650 _aAstronomy
942 _hB9, H7;J0
_cTEXL
_2CC
999 _c95971
_d95971